Protein Folding Handbook (Record no. 2321)
[ view plain ]
| 000 -LEADER | |
|---|---|
| fixed length control field | 00326nam a22001337a 4500 |
| 008 - FIXED-LENGTH DATA ELEMENTS--GENERAL INFORMATION | |
| fixed length control field | 250314b |||||||| |||| 00| 0 eng d |
| 020 ## - INTERNATIONAL STANDARD BOOK NUMBER | |
| ISBN | 9783527307845 |
| 100 ## - MAIN ENTRY--AUTHOR | |
| Author | Buchner Johannes |
| 245 ## - TITLE STATEMENT | |
| Title | Protein Folding Handbook |
| 260 ## - PUBLICATION, DISTRIBUTION, ETC. (IMPRINT) | |
| Place of publication | Weinheim |
| Name of publisher | Wiley-VCH |
| Date of publication | 2005 |
| 300 ## - COLLATION | |
| Pagination | LXIV,572P |
| 942 ## - ADDED ENTRY ELEMENTS (KOHA) | |
| Item type | Books |
| 050 ## - LIBRARY OF CONGRESS CALL NUMBER | |
| Classification number | QH505 |
| Item number | .P76 |
| Source of classification or shelving scheme | Not for loan | Permanent location | Current location | Date acquired | Accession No. | Full call number | Barcode. | Koha item type |
|---|---|---|---|---|---|---|---|---|
| Library of Congress Classification | Samuel Ogbemudia Main Library, University of Abuja | Samuel Ogbemudia Main Library, University of Abuja | 03/14/2025 | 2024/64200--64204 | QH505.P76 | 2025-0584 | Books | |
| Library of Congress Classification | Samuel Ogbemudia Main Library, University of Abuja | Samuel Ogbemudia Main Library, University of Abuja | 03/14/2025 | 2024/64200--64204 | QH505.P76 | 2025-0585 | Books | |
| Library of Congress Classification | Samuel Ogbemudia Main Library, University of Abuja | Samuel Ogbemudia Main Library, University of Abuja | 03/14/2025 | 2024/64200--64204 | QH505.P76 | 2025-0586 | Books | |
| Library of Congress Classification | Samuel Ogbemudia Main Library, University of Abuja | Samuel Ogbemudia Main Library, University of Abuja | 03/14/2025 | 2024/64200--64204 | QH505.P76 | 2025-0587 | Books | |
| Library of Congress Classification | Samuel Ogbemudia Main Library, University of Abuja | Samuel Ogbemudia Main Library, University of Abuja | 03/14/2025 | 2024/64200--64204 | QH505.P76 | 2025-0588 | Books |